ระบบห้องสมุดอัตโนมัติ ULibM
วิทยาลัยพยาบาลบรมราชชนนี พระพุทธบาท
เปลี่ยนเป็นภาษาไทย

Change to English
 แสดงรายละเอียดบรรณานุกรม
  กลับหน้าหลัก

Brief Record : Get Marc (ISO 2709) : E-mail record : QR code ปิดหน้าต่าง
สารบัญ Review โดย
รัตนาพร พรมเดช
วิทยาลัยพยาบาลบรมราชชนนี พระพุทธบาท
รัตนาพร พรมเดช เมื่อ4/พฤศจิกายน/2567
บทที่ 1 การติดเชื้อ เฮลิดโคแบคเตอร์ไพโลไรและโรคในระบบทางเดินอาหาร
บทที่ 2 โรคกรดไหลย้อน
บทที่ 3 Colonic diverticulosis and colonic diverticular difficile infection
บทที่ 4 Antibiotic-associated diarrhea and Clostridium difficile infection 
บทที่ 5 การติดเชื้อไวรัสตับอักเสบบี
บทที่ 6 โรคตับแข็งและภาวะแทรกซ้อน
บทที่ 7 ฝีในตับ
บทที่ 8 ตับอ่อนอักเสบเฉียบพลัน
บทที่ 9 นิ่วในระบบทางเดินน้ำดี
บทที่ 10 ภาวะท่อน้ำดีอักเสบเฉียบพลัน
บทที่ 11 ความผิดปกติของเกลือแร่
บทที่ 12 ความผิดปกติของโซเดียม
บทที่ 13 ความผิดปกติของโพแทสเซียม
บทที่ 14 ความผิดปกติของกรด-ด่าง
บทที่ 15 ภาวะไตวายเฉียบพลัน
บทที่ 16 การบาดเจ็บของไตอย่างเฉียบพลันจากการเหนี่ยวนำของสารทึบรังสี
บทที่ 17 ภาวะพิษต่อการเสื่อมของไต
บทที่ 18 โรคไตเรื้อรัง
บทที่ 19 โรคโกลเมอรูลัส
บทที่ 20 กลุ่มอาการเนโฟรติก
บทที่ 21 Secondary glomerular disease
บทที่ 22 นิ่วในไต
บทที่ 23 การติดเชื้อที่ทางเดินปัสสาวะในผู้ใหญ่
บทที่ 24 การคัดกรองและการประเมินภาวะประเมินภาวะโภชนาการ
บทที่ 25 ภาวะทุพโภชนาการและภาวะวิตามินขาดและเกิน
บทที่ 26 การใช้การรักษาทางโภชนาการ
บทที่ 27 โรคอ้วนและกลุ่มโรคเมทบอลิก

E-books : เกี่ยวกับ Collections
LEADER 00000nam 2200000uu 4500
001    13399129581
003     ULIBM
008    020711s2563 th a 000 0 tha d
020    9786164881167
060    WB100 ร491 2563
100    บรรณาธิการ, หทัยวรรณ รัตนบรรเจิดกุล
245    โรคทางอายุรศาสตร์ที่พบบ่อย เล่ม 3
250    พิมพ์ครั้งที่ 1
260    ปทุมธานี :^bภาควิชาอายุรศาสตร์ คณะแพทยศาสตร์ มหาวิทยาลัยธรรมศาสตร์,^c2563
300    376 หน้า ;^c21 ซม.
700 0  บรรณาธิการ, อภิชาติ ฉัตรไกรเลิศ
700 0  บรรณาธิการ, ปาจารีย์ กฤษณพันธุ์
700 0  บรรณาธิการ, ปฐมทรรศน์ พันธุมโกมล
999    ^aนางสาวณิชาพร เกตุศีระ
รายการนี้ยังไม่มีแท็ก
คุณยังไม่ได้ล็อกอิน คุณสามารถมีกิจกรรมร่วมกับเว็บไซต์ได้ แต่ต้องล็อกอินก่อน ::
  ล็อกอิน
ลำดับที่ ประเภท เลขเรียก สถานที่ สถานะ
1. หนังสือ
หนังสือ
WB100 ร491 2563 c.1 
  
วิทยาลัยพยาบาลบรมราชชนนี พระพุทธบาท
►หนังสือทั่วไป
On Shelf
2. หนังสือ
หนังสือ
WB100 ร491 2563 c.2 
  
วิทยาลัยพยาบาลบรมราชชนนี พระพุทธบาท
►หนังสือทั่วไป
On Shelf
3. หนังสือ
หนังสือ
WB100 ร491 2563 c.3 
  
วิทยาลัยพยาบาลบรมราชชนนี พระพุทธบาท
►หนังสือทั่วไป
On Shelf
4. หนังสือ
หนังสือ
WB100 ร491 2563 c.4 
  
วิทยาลัยพยาบาลบรมราชชนนี พระพุทธบาท
►หนังสือทั่วไป
On Shelf
5. หนังสือ
หนังสือ
WB100 ร491 2563 c.5 
  
วิทยาลัยพยาบาลบรมราชชนนี พระพุทธบาท
►หนังสือทั่วไป
On Shelf
   [แสดง 5/5 รายการ]

รายการใกล้เคียง
    ผู้แต่ง [บรรณาธิการ, หทัยวรรณ รัตนบรรเจิดกุล]

Bib 13399129581